1208 1291 1228 1977 1539 1554 1592 1588 1800 1674 1525 1299 1204 1313 1255 1269 1340 1341 1777 1013 1645 1354 1400 1217 1295 1259 1403 1191 1556 1760 1034 1273 1589 1943 1932 1682 1523 1812 1978 1123 1921 1093 1941 1932 1791 1307 1720 1200 1194 1675 1098 1702 1393 1545 1543 1643 1050 1787 1022 1488 1409 1638 1375 1437 1981 1696 1468 1701 1912 1231 1915 1918 1612 1957 1423 1446 1240 1961 1922 1184 1509 1981 1278 1839 1928 1645 1945 1807 1268 1189 1208 1523 1719 1063 1880 1542 1128 1366 1205 BCNSPRNW ULIB Ver.6.0+V

เปลี่ยนเป็นภาษาไทย

Change to English
 แสดงรายละเอียดบรรณานุกรม
  กลับหน้าหลัก

Brief Record : Get Marc (ISO 2709) : E-mail record : QR code < ปิดหน้าต่าง
LEADER : 00000nam 2200000uu 4500
001    13399126590
003     ULIB
008    190118s2561||||th 000 0 tha d
020 ^  ^a9786163660565
050  0 ^aนว^bน473พ
100 0  ^aนายตะวัน.
245 1  ^aเพลงรักปีศาจ ชุดซีรีส์ราชสีห์ /^cนายตะวัน.
250 ^  ^aพิมพ์ครั้งที่ 1.
260 ^  ^aกรุงเทพฯ :^bแสงจันทร์นวล,^c2561.
300 ^  ^a500 หน้า ;^c19 ซม.
490 0  ^aราชสีห์ ;^v9
945    ^p370^l0^i004785
999    ^aประนอม เกษจรัล
รายการนี้ยังไม่มีแท็ก
คุณยังไม่ได้ล็อกอิน คุณสามารถมีกิจกรรมร่วมกับเว็บไซต์ได้ แต่ต้องล็อกอินก่อน ::
  ล็อกอิน

รายการสื่อสารสนเทศ

ลำดับที่ ประเภท เลขเรียก/บาร์โค้ด สถานที่ สถานะ
1. นวนิยาย
นวนิยาย
นว น473พ ฉ.1 
  Barcode: 004785
ห้องสมุดวิทยาเขตสวรรค์ประชารักษ์
►นวนิยาย
บนชั้น
  ขอยืม

รายการใกล้เคียง
    ผู้แต่ง [นายตะวัน.]

BibComment


ยังไม่เคยถูกคอมเมนท์

คอมเมนท์ทรัพยากรรายการนี้
  คอมเมนท์: เพลงรักปีศาจ ชุด..


 Copyright 2026. Bcnsprnw @Library